000 01175nab a22002297a 4500
999 _c6415
_d6415
003 OSt
005 20260202122418.0
008 190429b xxu||||| |||| 00| 0 spa d
040 _cPJ
100 _97050
_aAlvarez, Leandro Valentín
245 1 0 _a¡Baila para mí! El dominio de la voluntad a través de la coacción y su relación con las interacciones sexuales en el ciberespacio /
_cLeandro Valentín Alvarez.
260 _cCiudad Autónoma de Buenos Aires :
_aThomson Reuters La Ley,
_b2023.
300 _ap. 11-27
500 _aCita Online: AR/DOC/2128/2023.
505 _aSumario: I. Introducción.— II. Los casos y sus resoluciones judiciales.— III. La acción típica de abuso sexual y su interpretación constitucional.— IV. La autoría mediata.— V. Conclusiones.
505 _tSi te interesa el texto completo, solicitalo a koha@justierradelfuego.gov.ar
650 0 _9343
_aDERECHO PENAL
650 0 _92903
_aABUSO SEXUAL
650 0 _96081
_aCIENCIA Y TECNOLOGÍA
773 0 _02658
_93164
_tRevista de derecho penal y criminología. Nº 9 - Octubre 2023
_dCiudad Autónoma de Buenos Aires : Thomson Reuters La Ley, 2017-
_x00347914
942 _2udc
_cANA